| 000 | 00875nam a2200229Ii 4500 | ||
|---|---|---|---|
| 003 | JO-AjNU | ||
| 008 | 230605s9999||||xx |||||||||||||| ||und|| | ||
| 017 | _a2007/14453 | ||
| 020 | _a977-04-5251-3 | ||
| 040 |
_aJO-AjNU _bara _erda _cJO-AjNU |
||
| 041 | _aara | ||
| 050 | 1 | 4 | _ak579.2007 |
| 100 | 3 |
_a مجاهد ، اسامة أبو الحسن , _eauthor _932443 |
|
| 245 | 0 | 0 | _aالوسيط في قانون المعاملات الإلكترونية وفقا لأحداث التشريعات في فرنسا . مصر . الأردن . دبي . البحرين |
| 250 | _a(د،ط) | ||
| 264 | 3 | 1 | _aالقاهرة : دار التهضة العربية ، 2007 |
| 300 | _a464ص | ||
| 336 |
_atext _btxt _2rdacontent |
||
| 337 |
_aunmediated _bn _2rdamedia |
||
| 338 |
_avolume _bnc _2rdacarrier |
||
| 650 | 4 |
_aالإلكترونيات - قوانين وتشريعات _932444 |
|
| 999 |
_aA13098 _c16666 _d16666 |
||